| 000 | 01131cab a2200301 4500 | ||
|---|---|---|---|
| 001 | WB2814-45 | ||
| 008 | 090401t1992 xxu||||| |||| 00| 0 eng d | ||
| 035 | _a(Sirsi) u69091 | ||
| 041 | _aeng | ||
| 245 | _aSurveyors cannot get on valuation panels | ||
| 260 | _c1992 | ||
| 350 | _a0 | ||
| 490 |
_aFinancial Times _v31 March 1992, 12(1) |
||
| 520 | _aSurveyors, who have set up on their own or work in small practices, face difficulties in getting on a building society`s panel since the societies expect reciprocal business. Where there is a conflict of interest when an estate agency is owned by a lender, the RICS is considering a scheme, whereby the purchaser would be made aware of this situation. | ||
| 650 | _aBUILDING SOCIETIES | ||
| 650 | _aCONFLICT OF INTEREST | ||
| 650 | _aESTATE AGENCY | ||
| 650 | _aOFT | ||
| 650 | _aRECIPROCAL BUSINESS | ||
| 650 | _aSMALL BUSINESSES | ||
| 650 | _aSURVEYORS | ||
| 650 | _aVALUATION PANEL | ||
| 650 |
_aValuation _96273 |
||
| 690 | _aMANAGEMENT-BUSINESS MANAGEMENT-PROFESSIONAL PRACTICE | ||
| 690 | _aRATING AND VALUATION | ||
| 942 | _n0 | ||
| 948 | _c04/03/1997 | ||
| 999 |
_c43398 _d43398 |
||